Riconosci il Pokémon - Quiz n°544 - Statistics

Statistiche generali
  • Questo quiz è stato fatto 1 volte
  • Il punteggio medio è 9 su 10
Statistiche sulle risposte
Indizio Risposta % Corretto
Altezza 2,5 m
100%
Sesso 50% ♂, 50% ♀
100%
Tasso di cattura 60 (14.8%)
100%
Peso 920,0 kg
100%
Tasso di allevamento Medio-Veloce
100%
Abilità Mente Locale; Sopportazione; Forza Interiore
100%
Stadio evoluzione Prima evoluzione
100%
Generazione Settima
100%
Tipo Terra
100%
Pokémon Mudsdale
0%
Nessun quiz corrispondente trovato
Distribuzione punteggi
Percentuale di utenti per punteggio
Percentile per numero di risposta
I tuoi punteggi nel tempo
Non hai fatto questo quiz